000 00451nam a2200181Ia 4500
008 131103s9999 xx 000 0 und d
020 _a0 440 20562 X
040 _aLoreto College
041 _aEnglish
082 _aF/BAC
_bLCBED/10702
100 _aBach,Richard
245 _aOne
_b a novel
_cRichard Bach
260 _aNew York
_bDell
_c1989
300 _a378 p.
_c 18 cm.
650 _aEnglish fiction
850 _aLCBED/F/BAC
942 _cBK
999 _c32457
_d82936